000 00462nam a2200181 i 4500
001 bgj
100 1 _aVardeman, Robert E.
245 1 0 _aRoad to the Stars /
_cRobert E. Vardeman.
260 _aNew York :
_bHarper & Row, Publishers,
_cc. 1988.
300 _a213 pp ;
_c22 cm.
650 9 _aScience fiction
020 _a0060262885
040 _cBPK
041 0 _aeng
920 _a0-06-026288-5
942 _cKS
008 s uk f |000 0 eng
999 _c47496
_d47496
856 _uhttp://koha.tu.koszalin.pl/cgi-bin/koha/opac-detail.pl?biblionumber=47496
_yKatalog online BPK